01618nam a22002297a 45000010005000000030006000050050017000110080041000280200018000690400029000870500012001160820015001281000021001432450154001642600040003183000055003584900019004135200861004326500032012936500031013257000032013566372FISKH20250508090745.0250424b cb ||||| |||| 00| 0 eng d a9781742205809 aFISKHbengcFISKHdFISKH a G153.7 a915.930444 aWilliams, China  aThailand /cThis edition written and researched by China Williams, Mark Beales , Tim Bewer, Celeste Brash, Austin Bush, David Eimer and Adam Skolnick aMelbourne :bLonely Planet ,c2014. a798 pages :bcolor illustrations , maps ;c20 cm . aLonely Planet  aFriendly and fun-loving, exotic and tropical, cultured and historic, Thailand radiates a golden hue from its glittering temples and tropical beaches to the ever-comforting Thai smile. Lonely Planet will get you to the heart of Thailand, with amazing travel experiences and the best planning advice: Inspirational images, 3D illustrations, city walks and recommendations from our expert authors Planning features and top itineraries to help you plan the perfect trip Local secrets and hidden travel gems that will make your trip unique Plus a food spotter’s guide, islands and beaches planner and a responsible travel feature Coverage includes: Planning, Bangkok & around, Central Thailand, Ko Chang & East, Chiang Mai Province, Northern Thailand, Northeastern Thailand, Hua Hin & Southern Gulf, Ko Samui & Lower Gulf, Phuket & Andaman Coast, Understand aSoutheast AsiavNon-fiction aTravel guide vNon-fiction aBeales, Mark eIllustrator